000 00630nam a22002417a 4500
003 UA-OsUOA
001 27551
007 ta
008 20040906b un ||||| |||| 00| 0 ukr d
100 _aСнарський О.В.
090 _a766
_bС53
942 _cBK
040 _aUA-OsUOA
_brus
_cUA-OsUOA
_dUA-OsUOA
245 _aШрифты-алфавита для рекламных и декоративно-оформительских работ
300 _a152 с.
955 _a0
041 _arus
080 _a766
260 _aКиев
_bРеклама
_c1979
044 _aUA
650 7 _2UDC
999 _c313898
_d313898